000 01076nam a2200289 i 4500
003 EG-GICUC
005 20260504084559.0
008 260504s1984 ua ||||fr|||| 00| 0 ara d
040 _aEG-GiCUC
_bara
_cEG-GiCUC
_dEG-GiCUC
_eRda
082 0 4 _221
_a345.7
_bس ل . أ
092 0 4 _221
099 _aLaw1 07 345.7 س ل . أ 1984
100 0 _aسليمان محمد الطماوي
_eمؤلف.
245 _aالأسس العامة للعقود الإدارية:
_bدراسة مقارنة/
_cسليمان محمد الطماوي.
250 _aالطبعة الرابعة
264 1 _aالقاهرة:
_bمطبعة جامعة عين شمس,
_c1984.
300 _a876 صفحة ؛
_c 24 سم.
336 _2rda contenu
_a texte
337 _2rda medias
_aOrdinateur
338 _2 transporteur rda
_a Ressource en ligne
546 _aالنص باللغة العربية
650 1 _aالقانون الإداري
650 1 _aالعقود الإدارية
856 4 0 _uhttps://fll.law.cu.edu.eg/fulltext/bks/B07-04841.pdf
905 _a59
942 _2ddc
_n0
_cBK
_e21
999 _c75421
_d75421